Movies Quiz

Random Movies or Cast Quiz

True Romance Actors Quiz Stats

 Plays Quiz Updated Mar 24, 2020

     
Support Sporcle.
Go Orange.
Score 0/14 Timer 05:00
0 Plays Today
Character Answer % Correct
Clarence WorleyChristian Slater
90%
Floyd (The Roommate)Brad Pitt
84.1%
Alabama WhittmanPatricia Arquette
79.9%
Vincenzo CoccottiChristopher Walken
75.5%
Clifford WorleyDennis Hopper
70.6%
Drexl SpiveyGary Oldman
69.1%
Mentor/ElvisVal Kilmer
57.8%
Character Answer % Correct
Virgil (Coccotti Muscle)James Gandolfini
45%
Big DonSamuel L. Jackson
33.1%
Nicky DimesChris Penn
30.6%
Dick RitchieMichael Rapaport
30.5%
Elliot BlitzerBronson Pinchot
28.1%
Cody NicholsonTom Sizemore
24.1%
Lee DonowitzSaul Rubinek
12.2%

From the Vault

'F' TV Character Match

by metashades

These are 'F' words you can say on TV.
Remove Ads.
Support Sporcle.
Get the best of Sporcle when you Go Orange. This ad-free experience offers more features, more stats, and more fun while also helping to support Sporcle. Thank you for becoming a member.

Show Comments

Extras

Top Quizzes Today


Score Distribution

Your Account Isn't Verified!

In order to create a playlist on Sporcle, you need to verify the email address you used during registration. Go to your Sporcle Settings to finish the process.

Report this User

Report this user for behavior that violates our Community Guidelines.

Details: